東北本線の駅 - Statistics

General Stats
  • This quiz has been taken 14 times
  • The average score is 95 of 143
Answer Stats
Hint Answer % Correct
東京都 東京
100%
神田
100%
秋葉原
100%
上野
100%
日暮里
100%
西日暮里
100%
南浦和
100%
浦和
100%
さいたま新都心
100%
大宮
100%
御徒町
92%
田端
92%
埼玉県 川口
92%
西川口
92%
92%
北浦和
92%
与野
92%
東大宮
92%
蓮田
92%
久喜
92%
栃木県 野木
92%
小山
92%
小金井
92%
自治医大
92%
宇都宮
92%
那須塩原
92%
黒磯
92%
新白河
92%
白河
92%
郡山
92%
福島
92%
名取
92%
仙台
92%
※支線 利府
92%
岩手県 一ノ関
92%
花巻
92%
盛岡
92%
鶯谷
85%
王子
85%
※支線 尾久
85%
白岡
85%
栗橋
85%
茨城県 古河
85%
宝積寺
85%
矢板
85%
白石
85%
水沢
85%
土呂
77%
新白岡
77%
東鷲宮
77%
※支線 戸田公園
77%
※支線 戸田
77%
※支線 武蔵浦和
77%
※支線 与野本町
77%
石橋
77%
岡本
77%
西那須野
77%
須賀川
77%
二本松
77%
岩沼
77%
南仙台
77%
松島
77%
小牛田
77%
平泉
77%
北上
77%
上中里
69%
東十条
69%
※支線 浮間舟渡
69%
※支線 中浦和
69%
※支線 南与野
69%
間々田
69%
雀宮
69%
安積永盛
69%
本宮
69%
東福島
69%
藤田
69%
大河原
69%
長町
69%
※支線 新利府
69%
紫波中央
69%
※支線 北赤羽
62%
※支線 北与野
62%
矢吹
62%
鏡石
62%
南福島
62%
桑折
62%
槻木
62%
東仙台
62%
岩切
62%
国府多賀城
62%
塩釜
62%
金ケ崎
62%
花巻空港
62%
矢幅
62%
※支線 北戸田
54%
氏家
54%
安達
54%
金谷川
54%
東白石
54%
仙北町
54%
蒲須坂
46%
野崎
46%
黒田原
46%
泉崎
46%
五百川
46%
松川
46%
伊達
46%
宮城県 越河
46%
船岡
46%
館腰
46%
陸前山王
46%
鹿島台
46%
石越
46%
日詰
46%
高久
38%
福島県 白坂
38%
日和田
38%
杉田
38%
貝田
38%
太子堂
38%
愛宕
38%
松山町
38%
花泉
38%
宮城県 有壁
38%
前沢
38%
石鳥谷
38%
片岡
31%
豊原
31%
久田野
31%
北白川
31%
品井沼
31%
瀬峰
31%
新田
31%
岩手飯岡
31%
田尻
23%
梅ケ沢
23%
清水原
23%
山ノ目
23%
陸中折居
23%
六原
23%
村崎野
23%
岩手県 油島
15%
古館
15%
No matching quizzes found
Score Distribution
Percent of People with Each Score
Percentile by Number Answered
Your Score History
You have not taken this quiz